2023-24 FIFA ASTON VILLA PLAYER BY PICTURE - Statistics

General Stats
  • This quiz has been taken 190 times
  • The average score is 15 of 19
Answer Stats
Picture Answer % Correct
Emiliano Martínez
100%
Ollie Watkins
96%
Youri Tielemans
95%
Lucas Digne
90%
Matty Cash
90%
Douglas Luiz
86%
Leon Bailey
86%
Moussa Diaby
83%
Tyrone Mings
83%
John McGinn
82%
Pau Torres
82%
Ezri Konsa
74%
Clément Lenglet
73%
Nicolò Zaniolo
72%
Emi Buendía
70%
Diego Carlos
66%
Jhon Durán
64%
Leander Dendoncker
64%
Boubacar Kamara
58%
No matching quizzes found
Score Distribution
Percent of People with Each Score
Percentile by Number Answered
Your Score History
You have not taken this quiz